[Event "DVM U10 2013"]
[Site "Magdeburg GER"]
[Date "2013.12.27"]
[Round "1"]
[White "Schwerdt, Anton Gabriel"]
[Black "Tolle-Hampel, Theo"]
[Result "0-1"]
[Termination "normal"]
[Board "9.4"]
[WhiteElo "883"]
[BlackElo "600"]
[WhiteTeam "Lübecker SV"]
[BlackTeam "SK Weisse Dame Hamburg"]
[EventCountry "GER"]
[EventRounds "6"]
[EventType "team-swiss"]
[EventDate "2013.12.27"]

1. e4 e5 2. Nf3 Nc6 3. Bc4 Nf6 4. d3 Bc5 5. Nc3 d6 6. h3 Be6 7. Bxe6 fxe6 8.
O-O Qd7 9. Qe2 O-O-O 10. Be3 Bb6 11. Nd2 d5 12. Nb3 d4 13. Bd2 dxc3 14. Bxc3
Kb8 15. a4 Nd4 16. Bxd4 exd4 17. a5 Bc5 18. Nxc5 Qc6 19. b4 e5 20. Ra3 Nd7 21.
Nb3 Qc3 22. Rfa1 Qxb4 23. Ra4 Qb5 24. Qd2 Nc5 25. Rb4 Qc6 26. Nxc5 Qxc5 27. a6
Qc6 28. Rxb7+ Kc8 29. Rxa7 Qb6 30. Rb7 Qc6 31. a7 Kxb7 32. Qb4+ Ka8 33. c4 dxc3
34. Rc1 Kxa7 35. Ra1+ Qa6 36. Rxa6+ Kxa6 37. Qxc3 Rc8 38. Qc6+ Ka5 39. Qc5+ Ka4
40. Qc4+ Ka5 41. Kf1 Rhd8 42. Ke2 Rd4 43. Qc5+ Ka6 44. Qxe5 Rd6 45. Kd2 Rg6 46.
g4 h6 47. Kc3 Rg5 48. Qe6+ Kb7 49. f4 Rc5+ 50. Kd4 Rc6 51. Qb3+ Rb6 52. Qd5+
Kb8 53. Qd7 Rd6+ 54. Ke3 Rxd7 55. f5 Rcd8 56. Kf4 Rxd3 57. Ke5 Re8+ 58. Kf4
Rxh3 59. g5 hxg5+ 60. Kxg5 Rg3+ 61. Kf4 Rg1 0-1

[Event "DVM U10 2013"]
[Site "Magdeburg GER"]
[Date "2013.12.27"]
[Round "1"]
[White "Garbuz, Nicole"]
[Black "von Schoenebeck, Konstantin"]
[Result "1-0"]
[Termination "normal"]
[Board "10.1"]
[WhiteElo "1267"]
[BlackElo "868"]
[WhiteTeam "SF Dortmund-Brackel 1930"]
[BlackTeam "Schachpinguine Berlin 2"]
[WhiteFideId "12990701"]
[BlackFideId "12977349"]
[EventCountry "GER"]
[EventRounds "6"]
[EventType "team-swiss"]
[EventDate "2013.12.27"]

1. e4 e5 2. Nf3 Nc6 3. Bc4 Nf6 4. Ng5 d5 5. exd5 b5 6. dxc6 bxc4 7. Qe2 Qd5 8.
Nf3 Bd6 9. O-O O-O 10. d3 Bg4 11. Nbd2 Rfe8 12. Ne4 Nh5 13. h3 Bf5 14. Nh4 Bxe4
15. dxe4 Qxc6 16. Qxh5 Qxe4 17. Nf3 Qxc2 18. Ng5 Qf5 19. Qf3 Qg6 20. Ne4 Re6
21. Nxd6 Rxd6 22. Qxa8+ Rd8 23. Qxd8# 1-0

[Event "DVM U10 2013"]
[Site "Magdeburg GER"]
[Date "2013.12.27"]
[Round "1"]
[White "Barac, David"]
[Black "Wastian, Mareike"]
[Result "0-1"]
[Termination "normal"]
[Board "10.2"]
[WhiteElo "789"]
[BlackElo "1564"]
[WhiteTeam "Schachpinguine Berlin 2"]
[BlackTeam "SF Dortmund-Brackel 1930"]
[WhiteFideId "16220633"]
[BlackFideId "12947423"]
[EventCountry "GER"]
[EventRounds "6"]
[EventType "team-swiss"]
[EventDate "2013.12.27"]

1. e4 d5 2. exd5 Nf6 3. Nc3 Bg4 4. f3 Bf5 5. Bc4 c6 6. dxc6 Nxc6 7. Nge2 e6 8.
Ng3 Bg6 9. O-O Bc5+ 10. Kh1 O-O 11. d3 Nd5 12. Nxd5 exd5 13. Bb5 a6 14. Ba4 Re8
15. Re1 Qa5 16. Rxe8+ Rxe8 17. Bd2 Qxa4 18. b3 Qd4 19. c3 Qxd3 20. b4 Bb6 21.
h3 Bc7 22. Nf1 Qe2 23. Qxe2 Rxe2 24. Rd1 Kf8 25. Ng3 Bxg3 0-1

[Event "DVM U10 2013"]
[Site "Magdeburg GER"]
[Date "2013.12.27"]
[Round "1"]
[White "Fricke, Janek Konrad"]
[Black "Stirnberg, Noah"]
[Result "0-1"]
[Termination "normal"]
[Board "11.1"]
[WhiteElo "900"]
[BlackElo "1355"]
[WhiteTeam "Schachunion Berlin"]
[BlackTeam "SK Blauer Springer Paderborn 1"]
[WhiteFideId "12997471"]
[BlackFideId "16207742"]
[EventCountry "GER"]
[EventRounds "6"]
[EventType "team-swiss"]
[EventDate "2013.12.27"]

1. e4 c5 2. d4 cxd4 3. c3 dxc3 4. Nxc3 Nc6 5. Bc4 e6 6. Nf3 Be7 7. O-O d6 8.
Re1 a6 9. Bb3 b5 10. e5 d5 11. a3 Bb7 12. Ba2 Bc5 13. b4 Bb6 14. Bg5 Nge7 15.
Nxd5 exd5 16. Bxd5 Qxd5 0-1

[Event "DVM U10 2013"]
[Site "Magdeburg GER"]
[Date "2013.12.27"]
[Round "1"]
[White "Brockhoff, Moritz"]
[Black "Freier, Leon Michel"]
[Result "1-0"]
[Termination "normal"]
[Board "11.2"]
[WhiteElo "1258"]
[BlackElo "867"]
[WhiteTeam "SK Blauer Springer Paderborn 1"]
[BlackTeam "Schachunion Berlin"]
[WhiteFideId "16214927"]
[BlackFideId "12992895"]
[EventCountry "GER"]
[EventRounds "6"]
[EventType "team-swiss"]
[EventDate "2013.12.27"]

1. d4 d5 2. Bf4 Nc6 3. Nf3 g6 4. e3 a6 5. c3 Bg7 6. Bd3 Nf6 7. Qe2 Bg4 8. h3
Bxf3 9. Qxf3 O-O 10. Nd2 Re8 11. O-O e5 12. dxe5 Nxe5 13. Bxe5 Rxe5 14. c4 dxc4
15. Nxc4 Qxd3 16. Nxe5 Qb5 17. Ng4 Nxg4 18. hxg4 Bxb2 19. Rab1 Rf8 20. Rfd1 c6
21. Rd2 Qe5 22. Rbxb2 Rb8 23. Rd7 Qxb2 24. Qxf7+ Kh8 25. Qxh7# 1-0

[Event "DVM U10 2013"]
[Site "Magdeburg GER"]
[Date "2013.12.27"]
[Round "1"]
[White "Fricke, Edna Marlene"]
[Black "Siol, Mats Lennart"]
[Result "1-0"]
[Termination "normal"]
[Board "11.3"]
[WhiteElo "732"]
[BlackElo "966"]
[WhiteTeam "Schachunion Berlin"]
[BlackTeam "SK Blauer Springer Paderborn 1"]
[WhiteFideId "12988839"]
[BlackFideId "16229240"]
[EventCountry "GER"]
[EventRounds "6"]
[EventType "team-swiss"]
[EventDate "2013.12.27"]

1. e4 e5 2. Nf3 Nc6 3. Bc4 Bc5 4. c3 Qf6 5. d4 exd4 6. cxd4 Bxd4 7. O-O Nge7 8.
Bg5 Qg6 9. Nxd4 Nxd4 10. Bxe7 Kxe7 11. Qxd4 d6 12. Nc3 Bh3 13. g3 {nicht mehr
nachvollziehbar} 1-0

[Event "DVM U10 2013"]
[Site "Magdeburg GER"]
[Date "2013.12.27"]
[Round "1"]
[White "Prieb, Robert"]
[Black "Diedrich, Ben"]
[Result "1-0"]
[Termination "normal"]
[Board "11.4"]
[WhiteElo "898"]
[BlackElo "600"]
[WhiteTeam "SK Blauer Springer Paderborn 1"]
[BlackTeam "Schachunion Berlin"]
[WhiteFideId "16212002"]
[EventCountry "GER"]
[EventRounds "6"]
[EventType "team-swiss"]
[EventDate "2013.12.27"]

1. d4 Nc6 2. Nf3 Nf6 3. Bf4 d5 4. e3 Bf5 5. Bd3 e6 6. Bxf5 exf5 7. Nc3 Bb4 8.
Qd3 O-O 9. Qxf5 Ne7 10. Qd3 Nc6 11. a3 Be7 12. O-O Nh5 13. Ne2 Nxf4 14. Nxf4
Bh4 15. c4 dxc4 16. Qxc4 Na5 17. Qc3 Bf6 18. Qxa5 b6 19. Qc3 c5 20. Rfd1 Qe7
21. Nd5 Qd6 22. Nxf6+ Qxf6 23. Ne5 Rae8 24. Nd7 Qe7 25. Nxf8 Qxf8 26. dxc5 Rc8
27. b4 bxc5 28. Rac1 cxb4 29. Qxc8 1-0

[Event "DVM U10 2013"]
[Site "Magdeburg GER"]
[Date "2013.12.27"]
[Round "1"]
[White "Wierling, Dennis"]
[Black "Morgenstern, Tobias"]
[Result "0-1"]
[Termination "normal"]
[Board "12.2"]
[WhiteElo "795"]
[BlackElo "1073"]
[WhiteTeam "SG Blau-Weiß Stadtilm 3"]
[BlackTeam "Schachzwerge Magdeburg 1"]
[BlackFideId "12974390"]
[EventCountry "GER"]
[EventRounds "6"]
[EventType "team-swiss"]
[EventDate "2013.12.27"]

1. e4 e5 2. Nf3 Nc6 3. Bb5 a6 4. Bxc6 dxc6 5. Nc3 Bd6 6. O-O Bg4 7. h3 Bh5 8.
d3 Nf6 9. Bg5 h6 10. Bh4 g5 11. Bg3 Qe7 12. Qd2 Bxf3 13. gxf3 O-O-O 14. Rae1
Qe6 15. Kh2 Rdg8 16. Qe3 b6 17. Qe2 h5 18. d4 h4 19. Qxa6+ Kb8 20. dxe5 hxg3+
21. fxg3 Qxh3+ 22. Kg1 Qh2# 0-1

[Event "DVM U10 2013"]
[Site "Magdeburg GER"]
[Date "2013.12.27"]
[Round "1"]
[White "von Pokrzywnicki, Moritz"]
[Black "Prasser, Oskar"]
[Result "1-0"]
[Termination "normal"]
[Board "12.3"]
[WhiteElo "1016"]
[BlackElo "600"]
[WhiteTeam "Schachzwerge Magdeburg 1"]
[BlackTeam "SG Blau-Weiß Stadtilm 3"]
[WhiteFideId "12943541"]
[EventCountry "GER"]
[EventRounds "6"]
[EventType "team-swiss"]
[EventDate "2013.12.27"]

1. e4 e5 2. Nf3 Nc6 3. Bc4 Bc5 4. c3 Nf6 5. d4 exd4 6. cxd4 Bb6 7. e5 Ne4 8.
Bd5 Nb4 9. Bxe4 O-O 10. O-O d6 11. a3 Na6 12. Bg5 Qd7 13. Qd3 c5 14. exd6 Qe8
15. Be7 Bd8 16. Bxf8 Qxf8 17. Bxh7+ Kh8 18. Ne5 b6 19. Bg6 Rb8 20. d7 Bb7 21.
Qh3+ Kg8 22. Qh7# 1-0

[Event "DVM U10 2013"]
[Site "Magdeburg GER"]
[Date "2013.12.27"]
[Round "1"]
[White "Kirsch, Martin"]
[Black "Wernecke, Tim"]
[Result "0-1"]
[Termination "normal"]
[Board "12.4"]
[WhiteElo "600"]
[BlackElo "986"]
[WhiteTeam "SG Blau-Weiß Stadtilm 3"]
[BlackTeam "Schachzwerge Magdeburg 1"]
[WhiteFideId "2925630"]
[BlackFideId "12997137"]
[EventCountry "GER"]
[EventRounds "6"]
[EventType "team-swiss"]
[EventDate "2013.12.27"]

1. e4 e5 2. Nf3 Nc6 3. Bc4 Bc5 4. Nc3 Nf6 5. O-O Nxe4 6. Nxe4 d5 7. Nxc5 dxc4
8. d3 b6 9. Bg5 f6 10. Be3 bxc5 11. Bxc5 Bg4 12. h3 Bh5 13. g4 Bg6 14. dxc4
Qxd1 15. Raxd1 Bxc2 16. Rc1 Be4 17. Rc3 Nd8 18. Ra3 g5 19. Bxa7 Rxa7 20. Rxa7
Bxf3 21. Rxc7 O-O 22. b4 Ne6 23. Rd7 Be2 24. Re1 Bxc4 25. a4 Nd4 26. b5 Nf3+
27. Kh1 Nxe1 28. b6 Rb8 29. a5 Ba6 30. b7 Bxb7+ 31. Kg1 Nf3+ 32. Kg2 Ba8 33. a6
Nd4+ 34. Kf1 Rb1# 0-1

[Event "DVM U10 2013"]
[Site "Magdeburg GER"]
[Date "2013.12.27"]
[Round "1"]
[White "Keil, Emil"]
[Black "Kazuch, Vincent"]
[Result "0-1"]
[Termination "normal"]
[Board "13.1"]
[WhiteElo "848"]
[BlackElo "1165"]
[WhiteTeam "SV Empor Erfurt 2"]
[BlackTeam "SV Empor Erfurt 1"]
[BlackFideId "12971480"]
[EventCountry "GER"]
[EventRounds "6"]
[EventType "team-swiss"]
[EventDate "2013.12.27"]

1. e4 e6 2. Nf3 d5 3. e5 c5 4. Nc3 Nc6 5. Be2 Bd7 6. d3 f6 7. d4 Qb6 8. Rb1
cxd4 9. Nb5 Bc5 10. exf6 Nxf6 11. Bd2 d3 12. Bxd3 Bxf2+ 13. Kf1 Ng4 14. h3 Ne3+
15. Bxe3 Bxe3 16. Qe2 e5 17. c3 e4 18. Bc2 exf3 0-1

[Event "DVM U10 2013"]
[Site "Magdeburg GER"]
[Date "2013.12.27"]
[Round "1"]
[White "Finke, Daniel"]
[Black "Greim, Fridolin"]
[Result "0-1"]
[Termination "normal"]
[Board "13.2"]
[WhiteElo "1112"]
[BlackElo "888"]
[WhiteTeam "SV Empor Erfurt 1"]
[BlackTeam "SV Empor Erfurt 2"]
[WhiteFideId "16217675"]
[BlackFideId "16212320"]
[EventCountry "GER"]
[EventRounds "6"]
[EventType "team-swiss"]
[EventDate "2013.12.27"]

1. e4 e5 2. Nf3 Nc6 3. Bc4 Bc5 4. c3 Nf6 5. d3 d6 6. Bb3 Be6 7. Bc2 d5 8. Nbd2
d4 9. c4 O-O 10. Nb3 Bb4+ 11. Bd2 Bxd2+ 12. Qxd2 Qe7 13. Qg5 h6 14. Qg3 Nb4 15.
Kd2 Nh5 16. Qh4 Qxh4 17. Nxh4 Nf4 18. a3 Nxc2 19. Kxc2 g5 20. Nf5 Bxf5 21. exf5
Nxg2 22. Rhg1 Nf4 23. h4 f6 24. Nc5 b6 25. Ne6 Nxe6 26. fxe6 Rfe8 27. hxg5 fxg5
28. Rh1 Kg7 29. Rag1 Rxe6 30. Kb3 Rf8 31. Rh2 e4 32. Kc2 exd3+ 33. Kxd3 c5 34.
Rf1 Kg6 35. Rg2 Rf3+ 36. Kd2 a6 37. Re1 Rxe1 38. Kxe1 b5 39. cxb5 axb5 40. Ke2
Rf6 41. Rg3 h5 42. Rb3 Rb6 43. a4 b4 44. Rf3 Ra6 45. b3 Re6+ 46. Kd2 g4 47. Rg3
Kg5 48. Kd3 h4 49. Rg1 h3 50. Kc4 Rf6 51. a5 Rxf2 52. a6 h2 53. Rh1 g3 54. Kb5
g2 55. Rxh2 g1=Q 56. Rxf2 Qxf2 57. a7 Qa2 58. Kb6 d3 59. Kb7 d2 60. a8=Q Qxa8+
61. Kxa8 d1=Q 62. Kb7 Qd6 63. Ka8 Qd7 64. Kb8 Kf6 65. Ka8 Ke6 66. Kb8 Kd6 67.
Ka8 Kc6 68. Kb8 Qb7# 0-1

[Event "DVM U10 2013"]
[Site "Magdeburg GER"]
[Date "2013.12.27"]
[Round "1"]
[White "Niebur, Thorben Carl"]
[Black "Reuter, Elisa"]
[Result "1-0"]
[Termination "normal"]
[Board "13.4"]
[WhiteElo "984"]
[BlackElo "833"]
[WhiteTeam "SV Empor Erfurt 1"]
[BlackTeam "SV Empor Erfurt 2"]
[WhiteFideId "16217691"]
[BlackFideId "12995444"]
[EventCountry "GER"]
[EventRounds "6"]
[EventType "team-swiss"]
[EventDate "2013.12.27"]

1. e4 e5 2. Nf3 Nc6 3. d4 exd4 4. Nxd4 Bc5 5. Be3 Nf6 6. Nxc6 bxc6 7. Bxc5 d6
8. Ba3 O-O 9. Nc3 Re8 10. Qf3 Bg4 11. Qd3 d5 12. f3 dxe4 13. fxe4 Qc8 14. Be2
Bxe2 15. Qxe2 Qb7 16. O-O-O Re6 17. b3 Rae8 18. Rhe1 h6 19. Bb2 Nxe4 20. Nxe4
Rxe4 21. Qxe4 Rxe4 22. Rxe4 c5 23. Rg4 g6 24. Rd8+ Kh7 25. Rh8# 1-0

[Event "DVM U10 2013"]
[Site "Magdeburg GER"]
[Date "2013.12.27"]
[Round "1"]
[White "Sulayev, Daniel"]
[Black "Siegl, Justus"]
[Result "1-0"]
[Termination "normal"]
[Board "14.1"]
[WhiteElo "1149"]
[BlackElo "888"]
[WhiteTeam "Schachpinguine Berlin 1"]
[BlackTeam "SV Breitenworbis"]
[WhiteFideId "12977675"]
[EventCountry "GER"]
[EventRounds "6"]
[EventType "team-swiss"]
[EventDate "2013.12.27"]

1. e4 e5 2. Nf3 Nc6 3. Bc4 Bc5 4. O-O Nf6 5. d4 exd4 6. e5 Ng8 7. Bg5 f6 8.
exf6 Nxf6 9. Re1+ Ne7 10. Nxd4 d5 11. Bb3 O-O 12. Nc3 h6 13. Bh4 Bg4 14. Qd3 c6
15. h3 Bd7 16. Rad1 Bf5 17. Nxf5 Nxf5 18. Qxf5 Qd6 19. Re6 Qd8 20. Bxf6 Rxf6
21. Rxf6 Qxf6 22. Qxf6 gxf6 23. Re1 Bd4 24. g4 Rf8 25. Kg2 f5 26. f3 fxg4 27.
hxg4 b6 28. Re7 a5 29. Rc7 b5 30. Rxc6 b4 31. Nxd5 Bxb2 32. Nxb4+ Kh8 33. Nd3
Rd8 34. Rxh6+ Kg7 35. Ra6 Bc3 36. Kg3 Bd2 37. f4 Rd4 38. g5 Rd7 39. Kg4 Rb7 40.
f5 Rb5 41. f6+ Kg6 42. f7+ 1-0

[Event "DVM U10 2013"]
[Site "Magdeburg GER"]
[Date "2013.12.27"]
[Round "1"]
[White "Dittrich, Julius"]
[Black "Kostanyan, Hakob"]
[Result "1-0"]
[Termination "normal"]
[Board "14.2"]
[WhiteElo "905"]
[BlackElo "885"]
[WhiteTeam "SV Breitenworbis"]
[BlackTeam "Schachpinguine Berlin 1"]
[WhiteFideId "12995398"]
[BlackFideId "12977683"]
[EventCountry "GER"]
[EventRounds "6"]
[EventType "team-swiss"]
[EventDate "2013.12.27"]

1. e4 e5 2. Nf3 Nc6 3. Nc3 Nf6 4. d4 exd4 5. Nxd4 Bc5 6. Nxc6 bxc6 7. Bg5 d6 8.
Bc4 Bxf2+ 9. Kxf2 Ng4+ 10. Qxg4 Bxg4 11. Bxd8 Rxd8 12. Rad1 O-O 13. Rhf1 Rde8
14. h3 Bd7 15. Kg1 g6 16. Rf3 d5 17. Bd3 f5 18. Rdf1 d4 19. Bc4+ Kg7 20. Ne2 c5
21. exf5 gxf5 22. Rg3+ Kf6 23. Nf4 c6 24. Nh5+ Ke7 25. Rg7+ Kd8 26. Rxh7 a5 27.
Rf3 Re5 28. Rg3 f4 29. Rgg7 Bf5 30. Rh6 Bd7 31. Rd6 Re7 32. Rxe7 Kxe7 33. Rg6
Kd8 34. Ng7 Kc8 35. Ba6+ Kc7 36. Ne6+ Bxe6 37. Rxe6 f3 38. gxf3 Rxf3 39. Re7+
Kd6 40. Kg2 Rf6 41. Rh7 Rg6+ 42. Kh2 Re6 43. h4 Kd5 44. h5 c4 45. h6 Re2+ 46.
Kg3 Re6 47. Rd7+ Kc5 48. h7 Rh6 49. Bb7 a4 50. Kg4 Rg6+ 51. Kh5 Rg2 52. Kh6 a3
53. bxa3 d3 54. c3 d2 55. h8=Q Rh2+ 56. Kg7 Rxh8 57. Kxh8 1-0

[Event "DVM U10 2013"]
[Site "Magdeburg GER"]
[Date "2013.12.27"]
[Round "1"]
[White "Schepers Aroyo, Adrian"]
[Black "Conradi, Jonas"]
[Result "1-0"]
[Termination "normal"]
[Board "14.3"]
[WhiteElo "1059"]
[BlackElo "794"]
[WhiteTeam "Schachpinguine Berlin 1"]
[BlackTeam "SV Breitenworbis"]
[WhiteFideId "12977667"]
[EventCountry "GER"]
[EventRounds "6"]
[EventType "team-swiss"]
[EventDate "2013.12.27"]

1. e4 e6 2. d4 d5 3. Nc3 c5 4. Nf3 Nc6 5. exd5 exd5 6. Bb5 Nf6 7. O-O Be7 8.
Ne5 Bd7 9. Re1 O-O 10. Bg5 a6 11. Bxc6 Bxc6 12. Nxc6 bxc6 13. dxc5 Bxc5 14. Qf3
Be7 15. Re5 Re8 16. Rae1 Ra7 17. Bxf6 gxf6 18. Qg4+ Kh8 19. Rh5 Rg8 20. Qf5 Rg7
21. Re3 Qg8 22. Reh3 Rb7 23. b3 Rxg2+ 24. Kf1 Rg5 25. Rxh7+ Qxh7 26. Qxh7# 1-0

[Event "DVM U10 2013"]
[Site "Magdeburg GER"]
[Date "2013.12.27"]
[Round "1"]
[White "Wehling, Elias"]
[Black "Schnabel, Luise"]
[Result "1-0"]
[Termination "normal"]
[Board "14.4"]
[WhiteElo "734"]
[BlackElo "1369"]
[WhiteTeam "SV Breitenworbis"]
[BlackTeam "Schachpinguine Berlin 1"]
[BlackFideId "12943347"]
[EventCountry "GER"]
[EventRounds "6"]
[EventType "team-swiss"]
[EventDate "2013.12.27"]

1. e4 e5 2. Nc3 Nf6 3. Nf3 Nc6 4. d3 Bc5 5. Be2 d6 6. h3 Be6 7. O-O O-O 8. Bg5
h6 9. Bh4 Qe7 10. Re1 Rad8 11. a3 Rd7 12. Qd2 Rfd8 13. Nd5 Bxd5 14. exd5 Nd4
15. Nxd4 Bxd4 16. Rab1 g5 17. Bg3 Nxd5 18. Bg4 Nf4 19. Bxd7 Rxd7 20. Bxf4 gxf4
21. c3 Bb6 22. d4 f6 23. dxe5 fxe5 24. Qd5+ Kh8 25. Qxb7 Qg5 26. Qf3 Rg7 27.
Re2 Qh4 28. Rf1 Rg3 29. Qxg3 Qxg3 30. c4 Qd3 31. Rfe1 {nicht mehr
nachvollziehbar} 1-0

[Event "DVM U10 2013"]
[Site "Magdeburg GER"]
[Date "2013.12.27"]
[Round "1"]
[White "Kohl, Natalie"]
[Black "Buller, Ian Joshua"]
[Result "1/2-1/2"]
[Termination "normal"]
[Board "15.1"]
[WhiteElo "979"]
[BlackElo "1127"]
[WhiteTeam "Meuselwitzer SV"]
[BlackTeam "SV "Glück auf" Rüdersdorf e.V."]
[WhiteFideId "12967408"]
[BlackFideId "12990655"]
[EventCountry "GER"]
[EventRounds "6"]
[EventType "team-swiss"]
[EventDate "2013.12.27"]

1. e4 c5 2. Nf3 Nc6 3. d4 cxd4 4. Nxd4 a6 5. Nc3 e6 6. Bc4 Nf6 7. Bb3 g6 8. O-O
Bg7 9. Re1 O-O 10. Be3 d5 11. Bg5 Ne7 12. e5 Ne8 13. Bh4 Nc7 14. Qf3 Qd7 15.
Bf6 Bh6 16. Na4 Rb8 17. Nb6 Qd8 18. h3 Ne8 19. Rad1 Nxf6 20. exf6 Nc6 21. Na4
Bg5 1/2-1/2

[Event "DVM U10 2013"]
[Site "Magdeburg GER"]
[Date "2013.12.27"]
[Round "1"]
[White "Kurzweil, Naemi"]
[Black "Meyer, Jessica"]
[Result "1-0"]
[Termination "normal"]
[Board "15.2"]
[WhiteElo "1025"]
[BlackElo "802"]
[WhiteTeam "SV "Glück auf" Rüdersdorf e.V."]
[BlackTeam "Meuselwitzer SV"]
[WhiteFideId "12985708"]
[BlackFideId "16230019"]
[EventCountry "GER"]
[EventRounds "6"]
[EventType "team-swiss"]
[EventDate "2013.12.27"]

1. e4 e5 2. c3 Nf6 3. Qc2 Nc6 4. Nf3 g6 5. d4 d6 6. Bb5 Bd7 7. Bg5 Bg7 8. Nbd2
a6 9. Bc4 Qe7 10. d5 Nb8 11. Qb3 Ra7 12. Be3 c5 13. Bg5 h6 14. Be3 Ng4 15. Qb6
O-O 16. Qxa7 Nxe3 17. fxe3 b6 18. Qxb6 Bg4 19. Rf1 Bf6 20. O-O-O Bg5 21. Rde1
Bf6 22. Bxa6 Nd7 23. Qb3 Nb8 24. Bc4 Bc8 25. Qxb8 Bg4 26. Qb3 Qe8 27. h3 Bd7
28. Qb6 Be7 29. Nh2 Bh4 30. Re2 Bg3 31. Nhf3 Qe7 32. a3 Qf6 33. Qc7 Qe7 34. Bb5
Rd8 35. Rg1 Kh8 36. Nf1 Bh4 37. Nxh4 Qxh4 38. Bxd7 Qe7 39. Qc6 Rxd7 40. Qc8+
Rd8 41. Qg4 Rg8 42. Rf2 h5 43. Qf3 Rg7 44. g4 h4 45. g5 c4 46. Qg4 Qe8 47.
Qxh4+ Rh7 48. Qg4 Qf8 49. Ng3 Qe8 50. Rgf1 Qe7 51. Qc8+ Kg7 52. Rf6 Rxh3 53.
Rxf7+ Qxf7 54. Rxf7+ Kxf7 55. Qxh3 Kg7 56. Qd7+ Kf8 57. a4 Kg8 58. a5 Kf8 59.
a6 1-0

[Event "DVM U10 2013"]
[Site "Magdeburg GER"]
[Date "2013.12.27"]
[Round "1"]
[White "Darowski, Janek Wilhelm"]
[Black "Zehr, Selina"]
[Result "1-0"]
[Termination "normal"]
[Board "15.4"]
[WhiteElo "971"]
[BlackElo "788"]
[WhiteTeam "SV "Glück auf" Rüdersdorf e.V."]
[BlackTeam "Meuselwitzer SV"]
[BlackFideId "16235282"]
[EventCountry "GER"]
[EventRounds "6"]
[EventType "team-swiss"]
[EventDate "2013.12.27"]

1. e4 e5 2. d4 Nf6 3. Nc3 Bb4 4. a3 Bf8 5. dxe5 b6 6. exf6 Qxf6 7. Nf3 h6 8.
Bc4 Bc5 9. Be3 O-O 10. Nd5 Qg6 11. Bxc5 Na6 12. Ne7+ Kh7 13. Nxg6 fxg6 14. Bxf8
Nb8 15. Qd5 c6 16. Qg8# 1-0

[Event "DVM U10 2013"]
[Site "Magdeburg GER"]
[Date "2013.12.27"]
[Round "1"]
[White "Bui, Bao Anh Le"]
[Black "Späth, Christoph"]
[Result "1-0"]
[Termination "normal"]
[Board "16.1"]
[WhiteElo "1522"]
[BlackElo "977"]
[WhiteTeam "Treptower SV 1949 e.V."]
[BlackTeam "Schach-Kids Bernhausen 2"]
[WhiteFideId "12970719"]
[EventCountry "GER"]
[EventRounds "6"]
[EventType "team-swiss"]
[EventDate "2013.12.27"]

1. e4 e5 2. Nf3 Nc6 3. Bc4 Bc5 4. c3 d6 5. d3 Bg4 6. Nbd2 Nf6 7. Bb3 O-O 8. h3
Bh5 9. Nf1 d5 10. Qe2 dxe4 11. dxe4 h6 12. g4 Bg6 13. Ng3 Qe7 14. Rg1 Rad8 15.
g5 hxg5 16. Bxg5 Rd6 17. Nh4 Bh7 18. Nhf5 Bxf5 19. Nxf5 Qd7 20. Nxd6 Qxd6 21.
Rd1 Qe7 22. Qf3 Kh8 23. Bxf6 Qxf6 24. Qxf6 gxf6 25. Rd3 Ne7 26. Rf3 Rg8 27.
Rxg8+ Nxg8 28. Bxf7 Be7 29. Bxg8 Kxg8 30. Rd3 Bd6 31. b4 Kf7 32. a3 Ke6 33. c4
b6 34. Ke2 c5 35. b5 Bb8 36. h4 f5 37. f3 fxe4 38. fxe4 Kf6 39. Rg3 Bd6 40. h5
Bf8 41. Rg6+ Kf7 42. Kf3 Ke7 43. Kg4 Kf7 44. Kf5 Bg7 45. h6 Bh8 46. h7 Bg7 47.
Rxg7+ Kxg7 48. Kxe5 Kxh7 49. Kd6 Kg7 50. Kc6 Kf7 51. Kd7 Kg6 52. e5 Kf5 53. e6
Ke4 54. e7 Ke5 55. e8=Q+ Kf6 {nicht mehr nachvollziehbar} 1-0

[Event "DVM U10 2013"]
[Site "Magdeburg GER"]
[Date "2013.12.27"]
[Round "1"]
[White "Floeter, Nina"]
[Black "Rusack, Noah"]
[Result "0-1"]
[Termination "normal"]
[Board "16.2"]
[WhiteElo "747"]
[BlackElo "894"]
[WhiteTeam "Schach-Kids Bernhausen 2"]
[BlackTeam "Treptower SV 1949 e.V."]
[BlackFideId "12970700"]
[EventCountry "GER"]
[EventRounds "6"]
[EventType "team-swiss"]
[EventDate "2013.12.27"]

1. e4 c5 2. Nf3 Nc6 3. Bc4 g6 4. Ng5 e6 5. O-O Qxg5 6. d4 Qe7 7. d5 Nd4 8. c3
b5 9. Bxb5 Nxb5 10. c4 Nd4 11. b4 Bg7 12. bxc5 Nf3+ 13. Qxf3 Bxa1 14. Qg3 Qxc5
15. Be3 Qxc4 16. Na3 Qc3 17. Nb5 Qa5 18. Rb1 Rb8 19. Qxb8 Ne7 20. Bd4 Bxd4 21.
Nxd4 O-O 22. Qg3 Qxa2 23. Re1 Qd2 24. Rf1 Ba6 25. Ra1 Qxd4 26. Rb1 {Rest nicht
rekonstruierbar} 0-1

[Event "DVM U10 2013"]
[Site "Magdeburg GER"]
[Date "2013.12.27"]
[Round "1"]
[White "Bahro, Paul"]
[Black "Akbaba, Eren"]
[Result "1-0"]
[Termination "normal"]
[Board "16.3"]
[WhiteElo "888"]
[BlackElo "758"]
[WhiteTeam "Treptower SV 1949 e.V."]
[BlackTeam "Schach-Kids Bernhausen 2"]
[WhiteFideId "12957194"]
[EventCountry "GER"]
[EventRounds "6"]
[EventType "team-swiss"]
[EventDate "2013.12.27"]

1. e4 e5 2. Nf3 Nc6 3. Bc4 h6 4. Nc3 Nf6 5. d3 Bc5 6. Be3 b6 7. Bb5 Bb7 8. Nd5
O-O 9. O-O Ne7 10. Nxf6+ gxf6 11. Bxc5 bxc5 12. Nd2 a6 13. Qg4+ Ng6 14. Bxd7
Rb8 15. b3 c6 16. Bf5 Kh7 17. h4 Bc8 18. h5 Bxf5 19. exf5 Ne7 20. Qh4 Nxf5 21.
Qe4 Qc8 22. g4 Kg8 23. Qxf5 Qxf5 24. gxf5 Rbd8 25. Ne4 Ra8 26. Nxf6+ Kh8 27.
Nd7 Rfd8 28. Nxc5 Rg8+ 29. Kh2 Rg5 30. Rg1 Rxh5+ 31. Kg3 Rg8+ 32. Kf3 Rxf5+ 33.
Ke4 Rxf2 34. Rxg8+ Kxg8 35. Rg1+ Kh8 36. Rc1 Re2+ 37. Kf3 Rh2 38. Nxa6 Rh5 39.
Nb4 c5 40. Na6 Rf5+ 41. Ke4 Rf4+ 42. Kxe5 Rd4 43. Nxc5 Rh4 44. a4 Rg4 45. a5
Rg8 46. Rh1 Kh7 47. b4 Rb8 48. c3 Rc8 49. Ne4 Re8+ 50. Kd6 Rd8+ 51. Ke7 Rxd3
52. Kxf7 Re3 53. Nf6+ Kh8 54. Rxh6# 1-0

[Event "DVM U10 2013"]
[Site "Magdeburg GER"]
[Date "2013.12.27"]
[Round "1"]
[White "Watzal, Simon"]
[Black "Schauties, Nico Antonio"]
[Result "0-1"]
[Termination "normal"]
[Board "16.4"]
[WhiteElo "600"]
[BlackElo "600"]
[WhiteTeam "Schach-Kids Bernhausen 2"]
[BlackTeam "Treptower SV 1949 e.V."]
[BlackFideId "16206371"]
[EventCountry "GER"]
[EventRounds "6"]
[EventType "team-swiss"]
[EventDate "2013.12.27"]

1. e4 e5 2. Nf3 Nc6 3. Bc4 Nf6 4. Nc3 Nxe4 5. Nxe4 d5 6. Nxe5 Nxe5 7. d4 Nc6 8.
Bxd5 Qxd5 9. Nc3 Qe6+ 10. Ne2 Qe4 11. d5 Nb4 12. c3 Nxd5 13. f3 Qe6 14. c4 Nb6
15. b3 Bb4+ 16. Bd2 Bxd2+ 17. Qxd2 O-O 18. O-O Re8 19. Nd4 Qd7 20. Rad1 Qd8 21.
Nb5 Qxd2 22. Rxd2 Rb8 23. Nxc7 Rf8 24. c5 Nd7 25. b4 Nf6 26. a4 Bf5 27. a5 Rfd8
28. Rxd8+ Rxd8 29. b5 Nd5 30. Rd1 Be6 31. Nxe6 fxe6 32. c6 bxc6 33. bxc6 Rc8
34. Rc1 Nb4 35. Rc4 Nxc6 36. a6 Kf7 37. Rc3 Ke7 38. Rb3 Kd6 39. Rb7 Rc7 40. Rb8
Nxb8 0-1